000 00480nam a2200097Ia 4500
008 170517s9999 xx 000 0 und d
245 _aMusic Changes Lives
300 _aFilmed over the course of a school year, Music Changes Lives follows the progress of two Dublin schools - St. Agnes's in Crumlin, and St. Ultan's in Cherry Orchard, both of which are providing compulsory music tuition for all...
650 _xArt.
856 _uhttp://topdocumentaryfilms.com/music-changes-lives/
999 _c333166
_d333166